1479 1746 1688 1633 1079 1337 1933 1307 1471 1045 1563 1545 1415 1693 1315 1248 1812 1328 1123 1079 1138 1980 1713 1279 1699 1754 1142 1731 1696 1505 1562 1806 1748 1874 1093 1073 1370 1303 1340 1266 1908 1300 1320 1607 1455 1025 1866 1390 1965 1485 1217 1290 1612 1671 1175 1992 1958 1132 1323 1292 1852 1794 1149 1331 1448 1172 1375 1253 1056 1940 1861 1315 1222 1095 1186 1322 1706 1756 1299 1971 1903 1412 1606 1264 1589 1895 1134 1267 1657 1901 1750 1883 1338 1312 1726 1384 1425 1907 1461 BCNSPRNW ULIB Ver.6.0+V

เปลี่ยนเป็นภาษาไทย

Change to English
 แสดงรายละเอียดบรรณานุกรม
  กลับหน้าหลัก

Brief Record : Get Marc (ISO 2709) : E-mail record : QR code < ปิดหน้าต่าง
LEADER : 00000nam 2200000uu 4500
001    13399127570
003     ULIB
008    210204s2561||||th 000 0 tha d
020    ^a9786164431959
060    ^aWL100^bก632ก
100    ^aกิ่งแก้ว ปาจรีย์, บรรณาธิการ
245    ^aการฟื้นฟูระบบประสาททันยุค 2561/^cกิ่งแก้ว ปาจรีย์, บรรณาธิการ
250    ^aพิมพครั้งที่ 1
260    ^aกรุงเทพฯ :^bภาควิชาเวชศาสตร์ฟื้นฟู คณะแพทยศาสตร์ศิริราชพยาบาล มหาวิทยาลัยมหิดล,^c2561.
300    ^a221 หน้า :^bภาพประกอบ ;^c26 ซม.
650    ^aระบบประสาท
650    ^aเวชศาสตร์ฟื้นฟู
710    ^aมหาวิทยาลัยมหิดล. คณะแพทยศาสตร์ศิริราชพยาบาล
945    ^p230^l0^i007565
945    ^p230^l0^i007566
945    ^p230^l0^i007567
945    ^p230^l0^i007568
945    ^p230^l0^i007569
999    ^aประนอม เกษจรัล
รายการนี้ยังไม่มีแท็ก
คุณยังไม่ได้ล็อกอิน คุณสามารถมีกิจกรรมร่วมกับเว็บไซต์ได้ แต่ต้องล็อกอินก่อน ::
  ล็อกอิน

รายการสื่อสารสนเทศ

ลำดับที่ ประเภท เลขเรียก/บาร์โค้ด สถานที่ สถานะ
1. วิทยาศาสตร์การแพทย์ และสุขภาพ
หนังสือสำรอง
สถานะ=หนังสือสำรอง
WL100 ก632ก ฉ.1 
  Barcode: 007565
ห้องสมุดวิทยาเขตสวรรค์ประชารักษ์
►หนังสือทั่วไป
บนชั้น
2. วิทยาศาสตร์การแพทย์ และสุขภาพ
วิทยาศาสตร์การแพทย์ และสุขภาพ
WL100 ก632ก ฉ.2 
  Barcode: 007566
ห้องสมุดวิทยาเขตสวรรค์ประชารักษ์
►หนังสือทั่วไป
บนชั้น
3. วิทยาศาสตร์การแพทย์ และสุขภาพ
วิทยาศาสตร์การแพทย์ และสุขภาพ
WL100 ก632ก ฉ.3 
  Barcode: 007567
ห้องสมุดวิทยาเขตสวรรค์ประชารักษ์
►หนังสือทั่วไป
บนชั้น
4. วิทยาศาสตร์การแพทย์ และสุขภาพ
วิทยาศาสตร์การแพทย์ และสุขภาพ
WL100 ก632ก ฉ.4 
  Barcode: 007568
ห้องสมุดวิทยาเขตสวรรค์ประชารักษ์
►หนังสือทั่วไป
บนชั้น
5. วิทยาศาสตร์การแพทย์ และสุขภาพ
วิทยาศาสตร์การแพทย์ และสุขภาพ
WL100 ก632ก ฉ.5 
  Barcode: 007569
ห้องสมุดวิทยาเขตสวรรค์ประชารักษ์
►หนังสือทั่วไป
บนชั้น

รายการใกล้เคียง
    ผู้แต่ง [กิ่งแก้ว ปาจรีย์, บรรณาธิการ]

    หัวเรื่อง [ระบบประสาท]
    หัวเรื่อง [เวชศาสตร์ฟื้นฟู]

BibComment


ยังไม่เคยถูกคอมเมนท์

คอมเมนท์ทรัพยากรรายการนี้
  คอมเมนท์: การฟื้นฟูระบบประ..


 Copyright 2026. Bcnsprnw @Library